000 00532naa a2200193 4500
001 142684
003 ES-MaBCM
005 20250116072554.0
008 061207s2006 esp|r0p 0 ||spa d
021 _axx
035 _a(OCoLC)1365201118
040 _cES-MaBCM
245 0 0 _aDesigualdades y calidad de vida
650 7 _aDesigualdad social
_958386
651 2 4 _aEspaƱa
_9115342
650 7 _aCalidad de la vida
_957797
773 0 _aEn:
_tTemas para el debate
_dMadrid
_w105072
_gN. 145 (dic. 2006), p. 3-4
942 _cAREV
999 _c142684
_d142684